| 000 | 00458nam a2200133Ia 4500 | ||
|---|---|---|---|
| 008 | 220217s9999 xx 000 0 und d | ||
| 245 | 0 | _aMethods of testing vulcanized rubber. Part B19. Preparation and examination of water extract | |
| 260 | _aLondon | ||
| 260 |
_c1958 _bBritish Standards Institution |
||
| 490 | _aBritish Standards | ||
| 500 | _aStandard number: BS 903: Part B 19 | ||
| 650 | _aRubber vulcanized, waterr extract examination | ||
| 942 | _cST | ||
| 999 |
_c73262 _d73262 |
||